Visualizzazione normale
Vista MARC
- Busoni Ferruccio
di Personal Name
Records bibliografici associati: 1
001 - CONTROL NUMBER
- control field: 28917
003 - CONTROL NUMBER IDENTIFIER
- control field: IT-RoPau
005 - DATE AND TIME OF LATEST TRANSACTION
- control field: 20140611165436.0
008 - FIXED-LENGTH DATA ELEMENTS
- fixed length control field: 140611|| aca||aabn | a|a d
040 ## - CATALOGING SOURCE
- Original cataloging agency: IT-RoPau
- Transcribing agency: IT-RoPau
100 ## - HEADING--PERSONAL NAME
- Personal name: Busoni Ferruccio
- Dates associated with a name: Codice autore musica SPICS: 8669
- Relator term: Autore musica
- Name of part/section of a work: Ave Maria op. 35 per baritono con accompagnamento di orchestra
670 ## - SOURCE DATA FOUND
- Source citation: Work cat.: (IT-RoPau)103362: AA.VV. 794, Ave piena di grazia